000 00517nam a2200181Ia 4500
008 151018s9999 xx 000 0 und d
082 _bRBASDV22593
_a891.463
100 _aशैलजा राजे
245 _aललाट
250 _b1
260 _bनवचेतन्य प्रकाशन मुंबई
_c1990
300 _a15
600 _aशैलजा राजे
630 _aललाट
700 _aशैलजा राजे
730 _aललाट
942 _cBOOK
999 _c1022261
_d1022258